000 00483nam a2200181Ia 4500
005 20250508154608.0
008 008 250505s9999 xx 000 0 hin d
037 _aTextual
040 _aFEDL
_beng
_cFEDL
041 _ahin
_2hin
084 _aB, NEH
_qFEDL
100 _aRaghunath Singh
245 0 _aNehru ji ka mahaprasthan
260 _aDelhi, India
_bNational Publishing House
_c1965
300 _a256p.
942 _cTEXL
_hB, NEH
999 _c1351103
_d1351103